000 00295nam a2200109Ia 4500
008 240109s9999 xx 000 0 und d
041 _aeng
100 _aF.L..Lobo
245 _aStrategies & Techniques For Successful Selling
260 _bGlobal Business Press Delhi95
650 _aManagement
999 _c1022105
_d1022105